لا ل چو ک :نا و (Record no. 87268)

MARC details
000 -LEADER
fixed length control field 01326nam a22002777a 4500
005 - DATE AND TIME OF LATEST TRANSACTION
control field 20181112173109.0
008 - FIXED-LENGTH DATA ELEMENTS--GENERAL INFORMATION
fixed length control field 140714b xxu||||| |||| 00| 0 Urdu d
010 ## - LCCN (DPL NO)
LC control number UR-88 B-547922-925 B-665869
020 ## - INTERNATIONAL STANDARD BOOK NUMBER
International Standard Book Number 9789350732526
Terms of availability 100.00
035 ## - SYSTEM CONTROL NUMBER
System control number U-88 B-547922-925 B-665869
037 ## - SOURCE OF ACQUISITION
Source of stock number/acquisition BPPD/Pub/Ven
037 ## - SOURCE OF ACQUISITION
Source of stock number/acquisition Pansy Books(Vend.)/Edu.pub. House(Pub.)
040 ## - CATALOGING SOURCE
Original cataloging agency DPL
Language of cataloging Urdu
082 ## - DEWEY DECIMAL CLASSIFICATION NUMBER
Classification number ن
100 ## - MAIN ENTRY--PERSONAL NAME
Personal name کشمير ی لال ذ ا کر
245 ## - TITLE STATEMENT
Title لا ل چو ک :نا و
Statement of responsibility, etc کشمير ی لال ذ ا کر
246 ## - VARYING FORM OF TITLE
Title proper/short title Lal chowk(Novel)
Remainder of title by Kashmiri Lal Zakir
260 ## - PUBLICATION, DISTRIBUTION, ETC. (IMPRINT)
Place of publication, distribution, etc د ھلی
Name of publisher, distributor, etc ا يجو کيشنل پبليشنگ ہا ؤس
Date of publication, distribution, etc 2014
260 ## - PUBLICATION, DISTRIBUTION, ETC. (IMPRINT)
Name of publisher, distributor, etc Pansy Books(Vender)
270 ## - ADDRESS
Address 3108،و کيل اسٹر يٹ ،کو چہ پنڈ ت ،لال کنو ا ن
City د ھلی
Postal code 110006
Telephone number 23216162،23214465
270 ## - ADDRESS
Address R2,/66/A Somesh Vihar,Chhawala
City New Delhi
Postal code 110071
Telephone number 01125317355
300 ## - PHYSICAL DESCRIPTION
Extent 80ص
Dimensions 22Cm (Hb)
942 ## - ADDED ENTRY ELEMENTS (KOHA)
Source of classification or shelving scheme Dewey Decimal Classification
Item type Urdu Bks
Edition
Classification part ن
Call number suffix ک ش م
Holdings
Withdrawn status Lost status Source of classification or shelving scheme Damaged status Not for loan Collection code Home library Current library Date acquired Source of acquisition Cost, normal purchase price Total Checkouts Total Renewals Full call number Barcode Date last seen Copy number Cost, replacement price Koha item type
    Dewey Decimal Classification     Fiction Ashok Vihar Ashok Vihar 05/04/2017 BPPD/UR/2014-15/AV/16-17/656/17.217//P/1638/6.3.17/8.3.17 100.00     ن ک ش م B-665869 05/04/2017 1 100.00 Urdu Bks
    Dewey Decimal Classification     Fiction Central Library Central Library 17/11/2014 BPPD/UR/2014-15/125/01-08-2014/1469/14/08/2014/2/09/2014 100.00 4 2 ن ک ش م B-547922 09/08/2021 1 100.00 Urdu Bks
    Dewey Decimal Classification     Fiction Patel Nagar Patel Nagar 17/11/2014 BPPD/UR/2014-15/125/01-08-2014/1469/14/08/2014/2/09/2014 100.00     ن ک ش م B-547923 17/11/2014 1 100.00 Urdu Bks
    Dewey Decimal Classification     Fiction Sarojini Nagar Sarojini Nagar 17/11/2014 BPPD/UR/2014-15/125/01-08-2014/1469/14/08/2014/2/09/2014 100.00 1 2 ن ک ش م B-547924 13/11/2018 1 100.00 Urdu Bks
  Written-off vide DLB M. No. 383 dt 16.05.19 Dewey Decimal Classification     Fiction Shahdara Branch Shahdara Branch 17/11/2014 BPPD/UR/2014-15/125/01-08-2014/1469/14/08/2014/2/09/2014 100.00     ن ک ش م B-547925 17/11/2014 1 100.00 Urdu Bks

© Delhi Public Library
Hit Counter
free hit counter